Guess the actor by Movies they've starred in - Hard - Statistics

General Stats
  • This quiz has been taken 46 times
  • The average score is 8 of 15
Answer Stats
Hint Answer % Correct
Dolittle, Chaplin, Spiderman : Homecoming Robert Downey Jr.
79%
Fantastic Mr. Fox, Batman and Robin, Gravity George Clooney
72%
The Big Short, Thor Love and Thunder, Empire of the Sun Christian Bale
67%
Zoolander, Shanghai Noon, Cars 3 Owen Wilson
64%
Popeye, Insomnia, Aladdin Robin Williams
62%
Oppenheimer, Elysium, Oceans 12 Matt Damon
59%
Lost in Translation, Sing, The Avengers Scarlett Johansson
59%
Armageddon, Pearl Harbor, Dazed and Confused Ben Affleck
54%
Blade Runner, The Call of the Wild, The Age of Adaline Harrison Ford
54%
Oceans 11, Steel Magnolias, Wonder Julia Roberts
51%
Once upon a time in Hollywood, Focus, Saltburn Margot Robbie
51%
Miracle, Hateful Eight, The Thing Kurt Russell
41%
The Lost Bus, Wolf of Wall Street, Killer Joe Matthew McConaughey
33%
Cars 2, Now you see me, Tenet Michael Caine
26%
Air, The Hunger Games: The Ballad of Songbirds & Snakes, Prisoners Viola Davis
13%
No matching quizzes found
Score Distribution
Percent of People with Each Score
Percentile by Number Answered
Your Score History
You have not taken this quiz